00787nam a22001937a 4500999001900000005001700019010001500036020002600051035001400077037000900091082001600100100002000116245007800136260005600214270011700270300005300387942003000440952012300470 c183567d18356720211228160731.0 aENG-130729 a9789388689717c699.00 aEN-114261 bDBAD a327.5101824 aLintner, Bertil aThe Costliest Pearl:bChina's Struggle For India's Ocean/cBertil Lintner aChennaibWestland Publication Private Limitedc2019 a1st Floor, A Block, East Wing, Plot No. 40, SP Infocity, Dr MGR Saiai, Purungudi, KandanchavadibChennaie600096 avii, 325pc22cm(hbk)bNotes, Bibliography, Index 2ddccENh327.5101824mLIN 001040708FICaMbMd2021-12-28eDBAD/PUBg699.00l0o327.5101824 LINpEN-114261r2021-12-28 00:00:00t1v699.00yEN